000 00314nam a22001097a 4500
008 230605b xxu||||| |||| 00| 0 eng d
082 _a330
_bCBK
100 _cDirector of research CBK
245 _aCentral bank of kenya
_cEconomic Report For the Financial Year ended 30th June, 1993
300 _a57P
942 _2ddc
_cBK
999 _c420
_d420